00551nam a22002057a 450000500170000001000130001702000230003003500130005303700160006604000120008208200160009424500640011024600060017426000410018027000550022130000210027665000120029765000190030970000170032820170124110230.0 aB-081296 c750.00a8175241922 aB-081296 bCen Lib/Ret aDPLbEN a796.01bSPO aSports Laws /cedited and compiled by Anil Sharma...[et al] b  bKhel Sahitya Kendrac2004aNew Delhi a4264/3, Ansari Road, Darya GanjbNew Delhie110002 a532p. c20cm(Hb) aSports  aLaws -- Sports aSharma, Anil